[Event "EYb16"]
[Site "Budva YUG"]
[Date "2003.09.17"]
[Round "5"]
[White "Papin,V"]
[Black "Magalashvili,D"]
[Result "0-1"]
[WhiteElo "2374"]
[BlackElo "2250"]

1.e4 c5 2.Nf3 d6 3.Bb5+ Nc6 4.O-O Bd7 5.Re1 Nf6 6.c3 a6 7.Bf1 Bg4 8.d4 cxd4
9.cxd4 d5 10.e5 Nd7 11.Be3 e6 12.a3 Be7 13.Nbd2 O-O 14.Bd3 Bh5 15.Rc1 Bg6
16.Bxg6 hxg6 17.g3 Rc8 18.h4 Na5 19.Rxc8 Qxc8 20.Bg5 Re8 21.Bxe7 Rxe7 22.Ng5 Nf8
23.h5 f6 24.Nh3 g5 25.Qg4 Qc2 26.Nf1 Qxb2 27.h6 gxh6 28.exf6 Rf7 29.Rxe6 Nxe6
30.Qxe6 Qxa3 31.Qf5 Qf8 32.Ne3 Nc6 33.Ng4 Kh8 34.Qxd5 Rxf6 35.Nxf6 Qxf6 36.Qd7 Qe7
37.Qc8+ Kg7 38.d5 Ne5 39.f4 Nf7 40.fxg5 hxg5 41.Nf2 Nd6 42.Qc3+ Qf6 43.Qc7+ Kg6
44.Kg2 Qe5 45.Qc2+ Kf7 46.Qh7+ Kf8 47.Qd3 Ke7 48.Kh2 Kd7 49.Qh7+ Kc8 50.Qg8+ Kc7
51.Ng4 Qe7 52.Qh8 a5 53.Qc3+ Kb6 54.Ne5 Qh7+ 55.Kg1 Qc7 56.Qe3+ Ka6 57.Qxg5 Qc5+
58.Kh2 Qxd5 59.Qf6 b6 60.Nd7 Qd2+ 61.Kh3 Qd3 62.Qd8 Qf5+ 63.Kh2 Qf2+ 64.Kh3 Qd4
65.Nb8+ Kb7 66.Nd7 Nc8 67.Qe8 Qd6 68.Qf7 Qc7 69.Qd5+ Ka7 70.Ne5 Ne7 71.Qb5 Qc5
72.Qd7+ Ka6 73.Qd3+ b5 74.Qe4 Qd5 75.Qf4 Qe6+ 76.g4 a4 77.Nd3 Qb6 78.Nb4+ Ka7
79.Qe4 Qh6+ 80.Kg2 Qd2+ 81.Kh3 Nc8 82.Nc6+ Kb6 83.Nb4 Na7 84.Qe6+ Ka5 85.Nd5 a3
86.Qd7 Qh6+ 87.Kg3 Nc6 88.Qc7+ Ka4 89.Nc3+ Kb3 90.Nxb5 Qe3+ 91.Kh4 Qf2+ 92.Kh3 Qf1+
93.Kh4 Qxb5  0-1

[Event "GRE-GEO Match m"]
[Site "Athens GRE"]
[Date "2003.09.18"]
[Round "1"]
[White "Khetsuriani,B"]
[Black "Vouldis,A"]
[Result "0-1"]
[WhiteElo "2368"]
[BlackElo "2539"]

1.e4 c5 2.Nf3 d6 3.Bb5+ Bd7 4.Bxd7+ Qxd7 5.O-O Nc6 6.c3 Nf6 7.Re1 e6 8.d4 cxd4
9.cxd4 d5 10.e5 Ne4 11.Nbd2 Nxd2 12.Bxd2 Be7 13.Bg5 O-O 14.Bxe7 Qxe7 15.Rc1 Qb4
16.Re3 Rac8 17.a3 Qxb2 18.Rb1 Qa2 19.Rxb7 Rb8 20.Reb3 Rxb7 21.Rxb7 Qxa3 22.h3 h6
23.Kh2 Qa6 24.Qb1 Qe2 25.Kg1 Rc8 26.Rb2 Qe4 27.Qd1 Ne7 28.Re2 Qf5 29.Ra2 Rb8
30.Ra1 Nc6 31.Qc1 Rb6 32.Kh2 Nxd4 33.Nxd4 Qxe5+ 34.f4 Qxd4 35.Rxa7 Rb2 36.Qc7 Qf6
37.Qc1 Rb4 38.Ra8+ Kh7 39.Qc2+ Re4 40.g3 Qd4  0-1

[Event "Levy mem"]
[Site "Denver USA"]
[Date "2003.09.18"]
[Round "1"]
[White "Khachiyan,M"]
[Black "Novikov,I"]
[Result "1-0"]
[WhiteElo "2473"]
[BlackElo "2598"]

1.e4 c5 2.Nf3 d6 3.Bb5+ Bd7 4.Bxd7+ Nxd7 5.c4 Ngf6 6.Nc3 e6 7.O-O Be7 8.d4 cxd4
9.Nxd4 a6 10.b3 O-O 11.Be3 Re8 12.f4 Bf8 13.Qf3 Qa5 14.Rac1 g6 15.Kh1 Bg7
16.Nde2 Rac8 17.Rcd1 Qc7 18.Rd2 Red8 19.Rfd1 Bf8 20.Bf2 Be7 21.h3 b6 22.Qe3 Nc5
23.e5 dxe5 24.fxe5 Rxd2 25.Rxd2 Ne8 26.Nd4 Rd8 27.Nf3 Rxd2 28.Qxd2 Nd7 29.Bd4 Qc6
30.Qf4 f5 31.exf6 Bxf6 32.Ne4 Bxd4 33.Nxd4 e5 34.Nxc6 exf4 35.Nb4 Nc7 36.Nd3 Ne6
37.b4 Kf7 38.Kg1 Ke7 39.Kf2 g5 40.Kf3 h5 41.Nc3 Nf6 42.Nd5+ Nxd5 43.cxd5 Nc7
44.Ke4 Kd6 45.Kf5 g4 46.hxg4 hxg4 47.Nxf4 Nb5 48.Kxg4  1-0

[Event "GM"]
[Site "Ansfelden AUT"]
[Date "2003.09.19"]
[Round "8"]
[White "Moser,E"]
[Black "Kilgus,G"]
[Result "1/2-1/2"]
[WhiteElo "2328"]
[BlackElo "2348"]

1.e4 c5 2.Nf3 d6 3.Bb5+ Bd7 4.Bxd7+ Qxd7 5.O-O Nf6 6.e5 dxe5 7.Nxe5 Qd6 8.Nc4 Qd8
9.Nc3 Nc6 10.d3 e6 11.Qf3 Be7 12.Ne4 O-O 13.Be3 Qd5 14.Nxc5 Qxf3 15.gxf3 b5
16.Nd2 Nd5 17.Ndb3 Rfc8 18.d4 e5 19.c3 b4 20.Rac1 a5 21.Na4 bxc3 22.bxc3 Ba3
23.Rcd1 exd4 24.Nxd4 Nxd4 25.Bxd4 Rc4 26.Be5 Rxa4 27.Rxd5 f6 28.Rd4 Rxd4
29.Bxd4 Rb8 30.Re1 Kf7 31.Re2 Rb5 32.f4 Bd6 33.Be3 Rf5 34.c4 Bxf4 35.Bb6 Rg5+
36.Kh1 a4 37.c5 Re5 38.Rc2 Re1+ 39.Kg2 Rc1 40.Re2 Rc4 41.h3 g5 42.Kf3 f5
43.Kg2 Rc3 44.Rb2 a3 45.Re2 h5 46.Bd8 h4 47.Re7+ Kf8 48.Rh7 Ke8 49.Bf6 Rxc5
50.Rh5 Kf7 51.Bxg5 Kg6 52.Be7 Rc2 53.Rxh4 Bg5 54.Bxg5 Kxg5 55.Ra4 Rxa2 56.h4+ Kh5
57.Rf4 Rc2 58.Rxf5+ Kxh4 59.Rf4+ Kg5 60.Ra4 a2 61.Kf3 Kf5 62.Ke3 Ke5 63.Kd3 Rxf2
64.Ra5+ Kd6 65.Kc3 Kc6 66.Kb3 Kb6 67.Rxa2 Rxa2 68.Kxa2  1/2-1/2

[Event "EYg18"]
[Site "Budva YUG"]
[Date "2003.09.19"]
[Round "6"]
[White "Bashkite,V"]
[Black "Svent,S"]
[Result "1-0"]
[WhiteElo "2117"]
[BlackElo "1960"]

1.e4 c5 2.Nf3 d6 3.Bb5+ Bd7 4.Bxd7+ Nxd7 5.c4 g6 6.Nc3 Bg7 7.O-O e6 8.d4 Ne7
9.d5 e5 10.Bg5 h6 11.Bd2 O-O 12.Nb5 Nb6 13.Qc1 Kh7 14.b4 a6 15.bxc5 axb5
16.cxb6 Ra4 17.Qb1 bxc4 18.Ne1 f5 19.f3 Nc8 20.Be3 Ra6 21.Qb4 Nxb6 22.Rb1 Na4
23.Qxc4 Qd7 24.Qb4 Rf7 25.Nd3 Bf6 26.Qd2 Bd8 27.Rb3 Ba5 28.Qc2 fxe4 29.fxe4 Rxf1+
30.Kxf1 Ra8 31.Kg1 Rc8 32.Qf2 Nc3 33.Qh4 Qg7 34.Ne1 Nxe4 35.Qxe4 Bxe1 36.Bxh6 Qc7
37.Rh3  1-0

[Event "EYb16"]
[Site "Budva YUG"]
[Date "2003.09.19"]
[Round "6"]
[White "Meier,Geo"]
[Black "Ryzhov,I"]
[Result "1/2-1/2"]
[WhiteElo "2301"]
[BlackElo "2240"]

1.e4 c5 2.Nf3 d6 3.Bb5+ Bd7 4.Bxd7+ Qxd7 5.c4 Nc6 6.Nc3 g6 7.d4 cxd4 8.Nxd4 Bg7
9.Nde2 Nf6 10.f3 O-O 11.O-O a6 12.a4 Rfc8 13.Rb1 Na7 14.b3 b5 15.cxb5 axb5
16.Bg5 Rcb8 17.Bxf6 Bxf6 18.Nd5 Bg7 19.a5 Nc8 20.b4 e6 21.Ne3 Ne7 22.Rb3 Nc6
23.f4 Rd8 24.f5 d5 25.fxe6 fxe6 26.exd5 exd5 27.Nf4 Ne7 28.Qg4 Qxg4 29.Nxg4 h5
30.Nf2 Rd6 31.Rd1 d4 32.Ne4 Rc6 33.Nc5 Nf5 34.Rbb1 Kh7 35.Rd3 Re8 36.a6 Bf8
37.Ra3 Bxc5 38.bxc5 Rxc5 39.a7 Ra8 40.Ne6 Rc3 41.Ra2 d3 42.Rxb5 Rc1+ 43.Kf2 Rc2+
44.Rxc2 dxc2  1/2-1/2

[Event "3rd ch-Euro Senior"]
[Site "Saint Vincent ITA"]
[Date "2003.09.21"]
[Round "5"]
[White "Tatai,S"]
[Black "Murey,J"]
[Result "0-1"]
[WhiteElo "2343"]
[BlackElo "2459"]

1.e4 c5 2.Nf3 d6 3.Bb5+ Bd7 4.Bxd7+ Qxd7 5.O-O Nc6 6.c4 g6 7.Nc3 Bg7 8.d3 Nf6
9.h3 O-O 10.Be3 Ne8 11.Qd2 Nc7 12.Bh6 Ne6 13.Bxg7 Kxg7 14.Ne2 f5 15.exf5 Rxf5
16.Nh2 Raf8 17.Ng4 Nf4 18.Ne3 Nxe2+ 19.Qxe2 R5f7 20.Qg4 Qxg4 21.hxg4 Rf4
22.Rad1 Ne5 23.f3 Rd4 24.Nd5 Kf7 25.Rfe1 e6 26.Nc3 Rxd3 27.Ne4 Ke7 28.Rxd3 Nxd3
29.Re3 Ne5 30.Nxc5 Nxf3+ 31.gxf3 dxc5 32.Ra3 Kd6 33.Rxa7 Rxf3 34.Rxb7 Rf4
35.b3 Rxg4+ 36.Kf2 h5 37.a4 h4 38.a5 h3 39.Rh7 Rg2+ 40.Kf1 Rg3 41.a6 Rxb3
42.a7 Ra3 43.Ke2 g5 44.Rxh3 Rxa7 45.Rg3 Rg7 46.Rd3+ Ke5 47.Kf3 Rf7+  0-1

[Event "EYb16"]
[Site "Budva YUG"]
[Date "2003.09.22"]
[Round "9"]
[White "Eisenbeiser,A"]
[Black "Ragger,M"]
[Result "1/2-1/2"]
[WhiteElo "2233"]
[BlackElo "2347"]

1.e4 c5 2.Nf3 d6 3.Bb5+ Bd7 4.Bxd7+ Qxd7 5.O-O Nc6 6.d3 Nf6 7.c4 Ne5 8.Ne1 g6
9.b3 Bg7 10.Bb2 Nh5 11.Qd2 Qg4 12.f4 Bh6 13.g3 Nxg3 14.hxg3 Qxg3+ 15.Qg2 Bxf4
16.Qxg3 Bxg3 17.d4 Ng4 18.dxc5 f6 19.Nc3 Nh2 20.cxd6 Nxf1 21.Kxf1 Bxd6 22.Nb5 Bb8
23.Nf3 e5 24.Kg2 Ke7 25.Ba3+ Ke6 26.Rd1 a6 27.Nc3 Bc7 28.Nd5 Rac8 29.Rf1 Bd8
30.Ne1 b5 31.Nd3 bxc4 32.Nc5+ Rxc5 33.Bxc5 cxb3 34.axb3 f5 35.Ra1  1/2-1/2

[Event "EYg16"]
[Site "Budva YUG"]
[Date "2003.09.22"]
[Round "9"]
[White "Mar,K"]
[Black "Majdan,J"]
[Result "0-1"]
[WhiteElo "2203"]
[BlackElo "2170"]

1.e4 c5 2.Nf3 d6 3.Bb5+ Bd7 4.Bxd7+ Qxd7 5.c4 Nc6 6.Nc3 g6 7.d4 cxd4 8.Nxd4 Bg7
9.Be3 Ne5 10.b3 Ng4 11.Bc1 N8h6 12.f3 Ne5 13.Be3 f5 14.Qd2 Nhf7 15.Rd1 O-O
16.O-O Nc6 17.Nde2 Rad8 18.Nb5 a6 19.Nbc3 Nce5 20.Bb6 Rde8 21.Nd5 e6 22.Nb4 Qe7
23.Be3 fxe4 24.fxe4 Ng4 25.Bf2 Bh6 26.Qc3 Nxf2 27.Rxf2 Ne5 28.Qh3 Rxf2 29.Kxf2 Qg5
30.Nc2 Ng4+ 31.Kg1 Bg7 32.Ned4 Qf4 33.Nf3 Rf8 34.Qh4 Bf6 35.Qg3 Qxe4 36.Re1 Qf5
37.Qxd6 e5 38.Qd5+ Kh8 39.Qe4 Qc8 40.b4 Bg7 41.Rd1 Nf6 42.Qxe5 Qxc4 43.Qc5 Qxa2
44.Ng5 h6 45.Ra1 Qg8 46.Nf3 Rc8 47.Qe7 Rxc2 48.Ne5 Qe8 49.Qxe8+ Nxe8 50.Nxg6+ Kh7  0-1

[Event "74th NY Masters"]
[Site "New York USA"]
[Date "2003.09.23"]
[Round "4"]
[White "Ehlvest,J"]
[Black "Wojtkiewicz,A"]
[Result "1-0"]
[WhiteElo "2587"]
[BlackElo "2543"]

1.e4 c5 2.Nf3 d6 3.Bb5+ Nd7 4.c3 Nf6 5.Qe2 a6 6.Ba4 b6 7.d4 cxd4 8.cxd4 Bb7
9.Bc2 e6 10.O-O Be7 11.Nc3 O-O 12.Re1 Re8 13.a4 Nf8 14.Bd2 Ng6 15.Rac1 Qd7
16.b3 Bc6 17.Bd3 Bb7 18.h3 Bf8 19.Rc2 Rec8 20.Rec1 Be7 21.Be3 d5 22.exd5 Nxd5
23.Nxd5 Qxd5 24.Rxc8+ Rxc8 25.Rxc8+ Bxc8 26.Qc2 Bb7 27.Qc7 Bd8 28.Qb8 Qd7
29.d5 Nf8 30.dxe6 Nxe6 31.Ne5 Qd5 32.f3 f6 33.Bc4 Qd1+ 34.Kh2 Bd5 35.Nc6 Bxc4
36.bxc4 Kf7 37.Nxd8+ Qxd8 38.Qb7+ Kg6 39.Qc6 Kf7 40.Bxb6 Qb8+ 41.Kg1 Qe5
42.Qd7+ Kg6 43.Qd3+ Kf7 44.a5 Qa1+ 45.Qf1 Qc3 46.Kh1 h5 47.f4 Qc2 48.f5 Ng5
49.Qf4 Ne4 50.Kh2 Qxc4 51.Qf3 g6 52.fxg6+ Kxg6 53.Qf4 Qd5 54.Qe3 Qe5+ 55.Kg1 f5
56.Bd4 Qxa5 57.Qb3  1-0

[Event "12th Monarch Assurance"]
[Site "Port Erin IOM"]
[Date "2003.09.27"]
[Round "1"]
[White "Radovanovic,J"]
[Black "Porat,Dav"]
[Result "0-1"]
[WhiteElo "2239"]
[BlackElo "2235"]

1.e4 c5 2.Nf3 d6 3.Bb5+ Bd7 4.Bxd7+ Qxd7 5.c4 Nc6 6.Nc3 Nf6 7.d4 cxd4 8.Nxd4 g6
9.O-O Bg7 10.Nde2 O-O 11.f3 Rfd8 12.Bg5 a6 13.a4 e6 14.Rb1 Qc7 15.Kh1 Nb4
16.Rc1 Rac8 17.Qd4 Nc6 18.Qf2 Re8 19.b3 Ne5 20.Rb1 Nfd7 21.Rfd1 Bf6 22.Bxf6 Nxf6
23.Qd4 Qe7 24.Kg1 Red8 25.Qb6 Nc6 26.Qe3 Nb4 27.Rd2 Qc7 28.Rbd1 Nc6 29.h3 Ne5
30.Rb1 Qc5 31.Kf2 b6 32.b4 Qxe3+ 33.Kxe3 Nxc4+ 34.Kd3 Nxd2 35.Kxd2 d5 36.e5 d4
37.Nd1 Nd5 38.Kd3 Nc3  0-1

[Event "ECC"]
[Site "Rethymnon GRE"]
[Date "2003.09.28"]
[Round "1"]
[White "Goossens,E"]
[Black "Lugovoi,A"]
[Result "0-1"]
[WhiteElo "2234"]
[BlackElo "2566"]

1.e4 c5 2.Nf3 d6 3.Bb5+ Bd7 4.Bxd7+ Qxd7 5.c4 Nc6 6.Nc3 Nf6 7.d4 cxd4 8.Nxd4 e6
9.O-O Be7 10.Be3 O-O 11.Qe2 a6 12.Rad1 Qc7 13.b3 Rfc8 14.f4 Qa5 15.Nxc6 Rxc6
16.Qe1 b5 17.e5 Ne8 18.Nd5 Qxe1 19.Nxe7+ Kf8 20.Rfxe1 Kxe7 21.cxb5 axb5 22.exd6+ Nxd6
23.b4 Ne4 24.Bd4 f5 25.Rc1 Rxc1 26.Rxc1 Rxa2 27.Rc7+ Kd6 28.Rxg7 Kd5 29.Be5 h5
30.Rh7 Ra4 31.Rd7+ Kc4 32.Rd4+ Kb3 33.Rd3+ Kc2 34.Rh3 Rxb4 35.g3 Rb3 36.Rxh5 b4
37.Rh6 Rd3 38.Rxe6 b3 39.g4 fxg4 40.f5 Nc3  0-1

[Event "ECC"]
[Site "Rethymnon GRE"]
[Date "2003.09.28"]
[Round "1"]
[White "Kiik,K"]
[Black "Huzman,A"]
[Result "1/2-1/2"]
[WhiteElo "2439"]
[BlackElo "2574"]

1.e4 c5 2.Nf3 d6 3.Bb5+ Bd7 4.Bxd7+ Qxd7 5.O-O Nc6 6.c4 Nf6 7.Nc3 g6 8.d4 cxd4
9.Nxd4 Bg7 10.Nde2 O-O 11.f3 a6 12.a4 Qd8 13.Kh1 Nd7 14.Rb1 Qa5 15.Bd2 e6
16.Be1 Qc7 17.b3 f5 18.exf5 gxf5 19.Nf4 Rae8 20.Nh5 Bh8 21.Ne2 Nf6 22.Nxf6+ Bxf6
23.Bg3 Be5  1/2-1/2

[Event "Tatry Open"]
[Site "Tatranske Zruby SVK"]
[Date "2003.09.28"]
[Round "2"]
[White "Hebelka,M"]
[Black "Meszaros,Mi"]
[Result "1/2-1/2"]
[WhiteElo "2090"]
[BlackElo "2292"]

1.e4 c5 2.Nf3 d6 3.Bb5+ Bd7 4.a4 g6 5.O-O Bg7 6.d3 Nc6 7.Nc3 Nf6 8.Bd2 O-O
9.h3 Ne8 10.Nh2 Nc7 11.Bc4 Nd4 12.Ne2 Nxe2+ 13.Qxe2 Bxb2 14.c3 Bxa1 15.Rxa1 e5
16.Bh6 Be6 17.Qd2 Re8 18.f4 Bxc4 19.dxc4 Qe7 20.Ng4 f6 21.Rf1 Rf8 22.Bxf8 Rxf8
23.f5 g5 24.Rb1 Rb8 25.a5 Kg7 26.Ne3 Qd7 27.Nd5 Qc6 28.h4 h6 29.Qd1 Nxd5
30.cxd5 Qc7 31.c4 Rg8 32.hxg5 hxg5 33.Qb3 Rb8 34.Qb5 Kf8 35.Rb3 b6 36.Rh3 Kg7
37.a6 Qc8 38.Rh2 Kg8 39.Qb3 Qxa6 40.Rh6 Qa1+ 41.Kh2 Qf1 42.Qh3 Qf4+ 43.Kh1 Qf1+  1/2-1/2

[Event "12th Monarch Assurance"]
[Site "Port Erin IOM"]
[Date "2003.09.30"]
[Round "4"]
[White "Sandipan,C"]
[Black "Radovanovic,J"]
[Result "1-0"]
[WhiteElo "2469"]
[BlackElo "2239"]

1.e4 c5 2.Nf3 d6 3.Bb5+ Nd7 4.d4 Nf6 5.Nc3 a6 6.Bxd7+ Nxd7 7.O-O e6 8.Bg5 Qc7
9.a4 cxd4 10.Nxd4 Ne5 11.Re1 h6 12.Bh4 g5 13.Bg3 Bd7 14.Nde2 Qc5 15.Nc1 h5
16.Bxe5 dxe5 17.Nd3 Qc7 18.Qf3 Be7 19.h3 g4 20.hxg4 hxg4 21.Qxg4 O-O-O 22.g3 Bc6
23.Kg2 Rhg8 24.Qe2 f5 25.Rh1 Rd4 26.f3 Bb4 27.Nxb4 Rxb4 28.b3 Rd4 29.Rad1 Qg7
30.Rh3 Rxd1 31.Nxd1 Qg5 32.Nf2 Rd8 33.Qc4 Kb8 34.Qc5 fxe4 35.fxe4 Qf5 36.Qe3 Rd4
37.Rh8+ Kc7 38.c3 Bxe4+ 39.Kh2 Rd6 40.Nxe4  1-0

[Event "ECC Women"]
[Site "Rethymnon GRE"]
[Date "2003.10.01"]
[Round "4"]
[White "Zimina,O"]
[Black "Jiretorn,E"]
[Result "1-0"]
[WhiteElo "2367"]
[BlackElo "2146"]

1.e4 c5 2.Nf3 d6 3.Bb5+ Bd7 4.Bxd7+ Qxd7 5.O-O Nc6 6.c3 Nf6 7.Qe2 e6 8.d4 cxd4
9.cxd4 d5 10.e5 Ne4 11.Be3 h6 12.Ne1 Be7 13.Nd3 b6 14.Nf4 Bg5 15.Nh5 g6 16.Ng3 Nxg3
17.fxg3 Bxe3+ 18.Qxe3 Qe7 19.Nc3 O-O 20.Ne2 Qg5 21.Rf4 h5 22.h3 Rac8 23.Raf1 Ne7
24.g4 Rc4 25.Qf2 hxg4 26.hxg4 Kh8 27.Rxf7 Rxf7 28.Qxf7 Qe3+ 29.Kh2 Qh6+ 30.Kg3 Rc7
31.Qf6+ Kh7 32.Nf4 Nf5+ 33.gxf5 exf5 34.Ne6 Rc8 35.Ng5+ Kg8 36.Qe6+ Kg7 37.Qe7+  1-0

[Event "ECC"]
[Site "Rethymnon GRE"]
[Date "2003.10.01"]
[Round "4"]
[White "Goossens,E"]
[Black "Jansson,J"]
[Result "1-0"]
[WhiteElo "2234"]
[BlackElo "2256"]

1.e4 c5 2.Nf3 d6 3.Bb5+ Bd7 4.Bxd7+ Nxd7 5.O-O Ngf6 6.Re1 g6 7.c3 Bg7 8.d4 O-O
9.h3 a6 10.e5 Ne8 11.e6 fxe6 12.Rxe6 Nc7 13.Re1 e5 14.Bg5 Qe8 15.dxc5 dxc5
16.Nbd2 Ne6 17.Ne4 b5 18.Nd6 Qb8 19.Qd5 Re8 20.Nxe8 Qxe8 21.Be7 Qf7 22.Qxa8+  1-0

[Event "ECC Women"]
[Site "Rethymnon GRE"]
[Date "2003.10.01"]
[Round "4"]
[White "Petrenko,S"]
[Black "Gaponenko,I"]
[Result "0-1"]
[WhiteElo "2346"]
[BlackElo "2399"]

1.e4 c5 2.Nf3 d6 3.Bb5+ Nd7 4.d4 Nf6 5.O-O a6 6.Bxd7+ Nxd7 7.Nc3 cxd4 8.Qxd4 e6
9.Bg5 Qc7 10.Rfe1 Ne5 11.Rad1 f6 12.Bh4 Be7 13.Nd2 g5 14.Bg3 b5 15.a3 h5
16.Bxe5 dxe5 17.Qd3 Bb7 18.Nb3 Kf7 19.Qe3 Bc6 20.Rd2 a5 21.Red1 Qa7 22.Qe2 Qb6
23.Na2 Qb7 24.Re1 g4 25.Nac1 a4 26.Na1 b4 27.axb4 Bxb4 28.c3 Be7 29.Nd3 Rad8
30.f4 exf4 31.Nxf4 Rxd2 32.Qxd2 Bc5+ 33.Kh1 Bxe4 34.Qe2 f5 35.Qc4 Qc6 36.Nc2 Rd8
37.b4 axb3 38.Qxb3 Bxg2+ 39.Nxg2 Rd2 40.Qxe6+ Qxe6 41.Rxe6 Kxe6 42.Nce1 Ke5  0-1

[Event "ECC Women"]
[Site "Rethymnon GRE"]
[Date "2003.10.01"]
[Round "4"]
[White "Skripchenko,A"]
[Black "Bojkovic,N"]
[Result "1-0"]
[WhiteElo "2489"]
[BlackElo "2408"]

1.e4 c5 2.Nf3 d6 3.Bb5+ Bd7 4.Bxd7+ Qxd7 5.O-O Nf6 6.Qe2 Nc6 7.Rd1 e6 8.d4 cxd4
9.Nxd4 Be7 10.c4 Nxd4 11.Rxd4 Qc6 12.Nc3 O-O 13.b3 a6 14.Bb2 Rfc8 15.Rad1 Ne8
16.a4 Bf6 17.R4d3 h6 18.Kh1 Qb6 19.Qc2 Qc6 20.f3 Qc5 21.Bc1 Bg5 22.f4 Be7
23.Be3 Qh5 24.Bd4 Qa5 25.Qb2 Bf8 26.Rg3 Rd8 27.Qf2 Qh5 28.Rh3 Qg4 29.Rg3 Qh5
30.f5 exf5 31.exf5 b5 32.Rh3 Qg4 33.Rdd3 Qg5 34.Rhg3 Qh5 35.Nd5 bxc4 36.bxc4 Rab8
37.h3 Kh7 38.Rg4 f6 39.Rg6 Rb1+ 40.Kh2 Rd1 41.g4 Rxd3 42.gxh5 Rc8 43.Rg3  1-0

[Event "Osen II"]
[Site "Alushta UKR"]
[Date "2003.10.02"]
[Round "9"]
[White "Pavlov,Ma"]
[Black "Belikov,V"]
[Result "1/2-1/2"]
[WhiteElo "2443"]
[BlackElo "2499"]

1.e4 c5 2.Nf3 d6 3.Bb5+ Bd7 4.Bxd7+ Qxd7 5.O-O Nc6 6.b3 Nf6 7.Re1 e6 8.Bb2 Be7
9.c4 O-O 10.d4 cxd4 11.Nxd4 Rfd8 12.Nc3 a6 13.Nxc6  1/2-1/2

[Event "ECC"]
[Site "Rethymnon GRE"]
[Date "2003.10.02"]
[Round "5"]
[White "Malakhov,V"]
[Black "Avrukh,B"]
[Result "1/2-1/2"]
[WhiteElo "2696"]
[BlackElo "2557"]

1.e4 c5 2.Nf3 d6 3.Bb5+ Bd7 4.Bxd7+ Qxd7 5.O-O Nf6 6.Re1 g6 7.c3 Bg7 8.d4 O-O
9.d5 Na6 10.a4 e6 11.Bg5 exd5 12.Bxf6 Bxf6 13.Qxd5 Nc7 14.Qd3 Qc6 15.Nbd2 Rfe8
16.Nc4 Rad8 17.Nfd2 b6 18.Ne3 d5 19.exd5 Nxd5 20.Nxd5 Rxe1+ 21.Rxe1 Rxd5
22.Qf3 Kg7 23.Nc4 Qd7 24.g3 h5 25.h4 Rd3 26.Qe2 Qd5 27.Qe4 Qxe4 28.Rxe4 Rd1+
29.Kg2 Kf8 30.Kf3 Rb1 31.Ke3 Bd8 32.Kd2 Bc7 33.Kc2 Rf1 34.Re2 Ra1 35.Kb3 Rh1
36.Ne3 Rh2 37.Rc2 f6 38.Kc4 g5 39.Nf5 gxh4 40.gxh4 Kf7 41.Kd5 Be5 42.Rd2 Rh1
43.Kc6 Ke6 44.Ng7+ Kf7 45.Nxh5 Rxh4 46.Rd7+ Kg6 47.f4 Bxc3 48.bxc3 Rxh5 49.Rxa7 Rh3
50.c4 Rc3 51.a5 bxa5 52.Kxc5 Kf5 53.Ra6 Rc1 54.Kb5 a4 55.c5 a3 56.Rxa3 Kxf4
57.c6 Ke4 58.Kb6 f5 59.Ra4+ Ke3 60.c7  1/2-1/2

[Event "ECC"]
[Site "Rethymnon GRE"]
[Date "2003.10.02"]
[Round "5"]
[White "Tseitlin,Ma"]
[Black "Najer,E"]
[Result "1/2-1/2"]
[WhiteElo "2456"]
[BlackElo "2608"]

1.e4 c5 2.Nf3 d6 3.Bb5+ Bd7 4.Bxd7+ Qxd7 5.O-O Nc6 6.c3 Nf6 7.d4 Nxe4 8.d5 Ne5
9.Re1 Nxf3+ 10.Qxf3 Nf6 11.Na3 O-O-O 12.b4 e6 13.dxe6 fxe6 14.bxc5 d5 15.Nc2 Bxc5
16.Be3 Ne4 17.Bxc5 Nxc5 18.Qe3 Qc7 19.Nd4 a6 20.Nxe6 Nxe6 21.Qxe6+ Kb8 22.Rab1 Rd6
23.Qe5 Rhd8 24.Qd4 Rf6 25.Re5 Rc6 26.Rxd5 Rxd5 27.Qxd5 Rxc3 28.h4 Rc1+ 29.Rxc1 Qxc1+
30.Kh2 Qf4+ 31.Kg1 Qc1+ 32.Kh2 Qf4+  1/2-1/2

[Event "Tatry Open"]
[Site "Tatranske Zruby SVK"]
[Date "2003.10.02"]
[Round "7"]
[White "Blaho,S"]
[Black "Jedlicka,A"]
[Result "0-1"]
[WhiteElo "2228"]
[BlackElo "2327"]

1.e4 c5 2.Nf3 d6 3.Bb5+ Bd7 4.Bxd7+ Qxd7 5.O-O Nc6 6.c4 Nf6 7.Nc3 g6 8.d4 cxd4
9.Nxd4 Bg7 10.Nc2 O-O 11.b3 a6 12.Qe2 Qd8 13.Rb1 Qa5 14.b4 Qc7 15.Bg5 e6
16.Rfc1 Rfc8 17.Bxf6 Bxf6 18.Ne3 Qe7 19.Na4 Nd4 20.Qd3 Rc6 21.Nc2 Nxc2 22.Rxc2 b5
23.cxb5 Rxc2 24.Qxc2 axb5 25.Nb6 Rb8 26.Qc6 Bd4 27.Nc8 Qf6 28.Rf1 Qd8 29.Nxd6 Rb6
30.Qe8+ Qxe8 31.Nxe8 Rc6 32.e5 Bxe5 33.Rd1 Kf8 34.f4 Bxf4 35.Rd8 Ke7 36.Ra8 Rb6
37.g3 Be5  0-1

[Event "ECC"]
[Site "Rethymnon GRE"]
[Date "2003.10.03"]
[Round "6"]
[White "Morozevich,A"]
[Black "Svidler,P"]
[Result "1/2-1/2"]
[WhiteElo "2679"]
[BlackElo "2723"]

1.e4 c5 2.Nf3 d6 3.Bb5+ Bd7 4.Bxd7+ Qxd7 5.O-O Nf6 6.d3 e6 7.Ng5 h6 8.Nh3 Nc6
9.Nd2 d5 10.c3 Rd8 11.f3 dxe4 12.dxe4 Ne5 13.Nf2 c4 14.f4 Bc5 15.fxe5 Nxe4
16.Qf3 Nxd2 17.Bxd2 Qxd2 18.Kh1 O-O 19.Ne4 Qe3 20.Qg4 Be7 21.Rae1 Qd3 22.h4 Qd5
23.Ng3 Qd3 24.Ne4 Qd5 25.Ng3 Qd3 26.Ne4  1/2-1/2

[Event "7th Itau Cup"]
[Site "Sao Paulo BRA"]
[Date "2003.10.03"]
[Round "7"]
[White "Diamant,A"]
[Black "Fernando,D"]
[Result "0-1"]
[WhiteElo "2149"]
[BlackElo "2391"]

1.e4 c5 2.Nf3 d6 3.Bb5+ Nd7 4.d4 cxd4 5.Qxd4 a6 6.Bxd7+ Bxd7 7.O-O e5 8.Qd3 h6
9.c4 b5 10.Nc3 bxc4 11.Qxc4 Nf6 12.Rd1 Be7 13.Be3 O-O 14.Rac1 Qb8 15.h3 Qb7
16.Qd3 Bc6 17.Nd2 d5 18.exd5 Nxd5 19.Nc4 Nxe3 20.Na5 Qb6 21.Nxc6 Qxc6 22.Qxe3 Bg5
23.Qxe5 Bxc1 24.Rxc1 Rab8 25.b3 Rb5 26.Qe3 Rc5 27.Ne2 Rxc1+ 28.Nxc1 Re8 29.Qd2 Qe4
30.Kh2 h5 31.b4 h4 32.Nb3 Qe5+ 33.f4 Qe3 34.Qxe3 Rxe3 35.f5 Kh7 36.f6 g5
37.Kg1 Kg6 38.Kf2 Rc3 39.Nc5 Ra3 40.Nd7 Rxa2+ 41.Kf3 Ra3+ 42.Ke4 Rb3 43.Ke5 Rxb4
44.Kd6  0-1

[Event "LA Open"]
[Site "Los Angeles USA"]
[Date "2003.10.05"]
[Round "4"]
[White "Khachiyan,M"]
[Black "Matikozian,A"]
[Result "0-1"]
[WhiteElo "2464"]
[BlackElo "2450"]

1.e4 c5 2.Nf3 d6 3.Bb5+ Nd7 4.d4 cxd4 5.Qxd4 Nf6 6.Bg5 h6 7.Bxf6 gxf6 8.O-O e6
9.Nbd2 a6 10.Bxd7+ Bxd7 11.Nc4 Bb5 12.Rfd1 Bxc4 13.Qxc4 Rc8 14.Qb3 Qc7 15.Nd4 Be7
16.Rd3 Qd7 17.f4 Rc5 18.Re1 b5 19.Kh1 Rc4 20.f5 e5 21.Nf3 Qc6 22.Rc3 Rxc3
23.bxc3 Rg8 24.h3 Bd8 25.Qa3 Ke7 26.Nd2 Bb6 27.c4 bxc4 28.Qxa6 Qc5 29.Qb7+ Kf8
30.Qd5 Qxd5 31.exd5 Ba5 32.Rd1 Bxd2 33.Rxd2 Rg3 34.Re2 Ra3 35.Re4 Rc3 36.Re2 Ra3
37.Re4 Rc3 38.Re2 Ke7 39.Kg1 Kd7 40.Kf1 Kc7 41.Re4 Rxc2 42.Rh4 Kb6 43.Rxh6 Rd2
44.Rh8 c3 45.Ke1 Kc5 46.Rc8+ Kd4 47.Rc6 Kd3  0-1

[Event "Arctic Cup u16"]
[Site "Salekhard RUS"]
[Date "2003.10.07"]
[Round "4"]
[White "Okara,A"]
[Black "Polonsky,P"]
[Result "1-0"]
[WhiteElo "2149"]
[BlackElo "2131"]

1.e4 c5 2.Nf3 d6 3.Bb5+ Bd7 4.Bxd7+ Qxd7 5.O-O e6 6.c4 Nf6 7.Nc3 Be7 8.d4 cxd4
9.Nxd4 O-O 10.b3 Nc6 11.Bb2 d5 12.cxd5 exd5 13.Nxc6 bxc6 14.e5 Ne8 15.f4 f5
16.Na4 Nc7 17.Rc1 Ne6 18.Bd4 Rfb8 19.Bc5 Bxc5+ 20.Nxc5 Nxc5 21.Rxc5 Rb4 22.Qd2 Rab8
23.Rfc1 R8b6 24.g3 R4b5 25.Qc2 Rxc5 26.Qxc5 Kf7 27.Qd4 Ke6 28.b4 Qb7 29.a3 Rb5
30.a4 Rxb4 31.Rxc6+ Qxc6 32.Qxb4 Qc1+ 33.Kg2 Qc6 34.Qf8 d4+ 35.Kh3 Qf3 36.Qe8+  1-0

[Event "zt 2.3"]
[Site "Guayaquil ECU"]
[Date "2003.10.09"]
[Round "6"]
[White "Mieles Palau,D"]
[Black "Delgado,N"]
[Result "1/2-1/2"]
[WhiteElo "2468"]
[BlackElo "2530"]

1.e4 c5 2.Nf3 d6 3.Bb5+ Nd7 4.d4 Nf6 5.Nc3 a6 6.Bxd7+ Nxd7 7.O-O e6 8.d5 e5
9.a4 Be7 10.Nd2 O-O 11.Nc4 Nb6 12.Na3 Bd7 13.a5 Na4 14.Ne2 Qxa5 15.Bd2 Qc7
16.b3 c4 17.bxa4 Bxa4 18.Rb1 Bd7 19.Be3 b5 20.Qd2 Rab8 21.c3 f5 22.exf5  1/2-1/2

[Event "Arctic Cup u16"]
[Site "Salekhard RUS"]
[Date "2003.10.10"]
[Round "8"]
[White "Zavalishin,M"]
[Black "Tan,Kev"]
[Result "0-1"]
[WhiteElo "2161"]
[BlackElo "2294"]

1.e4 c5 2.Nf3 d6 3.Bb5+ Bd7 4.Bxd7+ Qxd7 5.O-O Nc6 6.c4 g6 7.d4 cxd4 8.Nxd4 Bg7
9.Be3 Nf6 10.f3 O-O 11.Nc3 Qd8 12.Nde2 Qa5 13.Qd2 Rfc8 14.Rac1 a6 15.b3 b5
16.cxb5 axb5 17.Kh1 Nd7 18.Qd3 Nb4 19.Qxb5 Qxb5 20.Nxb5 Nxa2 21.Rxc8+ Rxc8
22.Nbd4 Ne5 23.Rb1 Nd3 24.Kg1 e6 25.Kf1 d5 26.exd5 exd5 27.Bd2 Nab4 28.Bxb4 Nxb4
29.Ke1 Ra8 30.Kd1 Ra2 31.Nb5 Bh6 32.Ke1 Be3 33.Kf1 Rd2 34.Nbc3 d4 35.Ne4 Rc2
36.Rd1 d3 37.N2c3 Kg7 38.Nb1 f5 39.Ned2 Nd5 40.g3 Bxd2 41.Rxd2 Rc1+ 42.Kf2 Rxb1
43.Rxd3 Rb2+ 44.Kg1 Nb4 45.Rc3 g5 46.h3 Kf6 47.Kh1 h5 48.h4 gxh4 49.gxh4 Ke5
50.Rc4 Rxb3 51.Kg2 Nd5 52.Rc5 Kd4 53.Ra5 Rb2+ 54.Kg3 f4+ 55.Kh3 Rb1 56.Kg2 Rd1
57.Ra4+ Ke5 58.Re4+ Kf5 59.Re2 Ne3+ 60.Kh2 Rd3 61.Kg1 Rd1+ 62.Kh2 Rd3 63.Kg1 Rd1+
64.Kh2 Rf1 65.Ra2 Rxf3 66.Ra5+ Kg4 67.Kh1 Kxh4 68.Ra2 Kg3  0-1

[Event "zt 2.3"]
[Site "Guayaquil ECU"]
[Date "2003.10.11"]
[Round "9"]
[White "Mieles Palau,D"]
[Black "Dominguez,L"]
[Result "0-1"]
[WhiteElo "2468"]
[BlackElo "2607"]

1.e4 c5 2.Nf3 d6 3.Bb5+ Bd7 4.Bxd7+ Qxd7 5.c4 Nc6 6.Nc3 g6 7.d4 cxd4 8.Nxd4 Bg7
9.Be3 Nf6 10.f3 O-O 11.O-O e6 12.Qd2 a6 13.Rfd1 Rfd8 14.Rac1 Rab8 15.b3 Qe7
16.Kh1 Nxd4 17.Bxd4 b5 18.cxb5 axb5 19.Qf2 Rdc8 20.e5 dxe5 21.Bxe5 Ng4 22.fxg4 Bxe5
23.Ne4 Rxc1 24.Rxc1 Rd8 25.g5 Rd4 26.Re1 Kg7 27.Qe3 Qd8 28.Qe2 b4 29.Rf1 h6
30.Qf3 Qe7 31.gxh6+ Kxh6 32.Qe3+ Kg7 33.Ng5 Bf6 34.Ne4 Rd5 35.Nxf6 Qxf6 36.Kg1 Qe7
37.h3 e5 38.Rc1 Qd6 39.Re1 Rd1 40.Rxd1 Qxd1+ 41.Kh2 Qd4 42.Qe2 e4 43.g3 Qd3
44.Qb2+ Kg8 45.Kg2  0-1